00986nam a2200121 4500008004100000100002500041245006200066260000900128300001300137520064900150650001900799773004600818190811b ||||| |||| 00| 0 eng d aMilligan, Matthew D. aThe economic power of women in early South Asian Buddhism c2019 ap.53-76. aThis article serves as a contribution to the financial primacy of Buddhist women in early historic South Asia. Presented here is a single case study from the first century bce monastic stūpa site from Central India called Sanchi whereby gender demographics are analysed over two subsequent stages of funding. Investments by women not only fuelled the construction of the built landscape but, as time went on, female donors were crucial to the economic solvency of the monastic institution at Sanchi. Such a micro-history of Buddhist women from classical India illustrates the agency of women during Buddhism’s formative years. - Reproduced. aSocial history aIndian Economic and Social History Review